00717nam a2200193Ia 4500001001000000003000500010008004100015010001100056040000900067100002800076245017200104260003400276300001000310502008400320650002400404650003400428650001100462710005000473Para_8886CHAP220125s2004 xx 000 0 und d a205974 cCHAP aValle de la Paz, Mairel aTrips en aguacate, efectividad biológica de productos no convencionales y hongos entomatógenos contra trips en Michoacán, México /c por Mairel Valle de la Paz aChapingo, Méx. :b el autor a93 h. aTesis (M.C. Protección Vegetal) UACh. Departamento Parasitología Agrícola aAguacate x plagas  aControl biológico de plagas aTrips  aUACh. Departamento Parasitología Agrícola